SEX EDUCATION IN SECONDARY SCHOOLS (Record no. 158312)
[ view plain ]
| 000 -LEADER | |
|---|---|
| fixed length control field | 00256nam a2200097Ia 4500 |
| 050 ## - LIBRARY OF CONGRESS CALL NUMBER | |
| Classification number | HQ 57.6 .H37 2000 C.1 |
| 100 ## - MAIN ENTRY--PERSONAL NAME | |
| Personal name | HARRISON, JENNIFER K. |
| 245 #0 - TITLE STATEMENT | |
| Title | SEX EDUCATION IN SECONDARY SCHOOLS |
| 942 ## - ADDED ENTRY ELEMENTS (KOHA) | |
| Koha item type | Long Loan Book |
| Withdrawn status | Lost status | Source of classification or shelving scheme | Damaged status | Not for loan | Collection | Home library | Current library | Shelving location | Date acquired | Inventory number | Total checkouts | Full call number | Barcode | Date last seen | Copy number | Price effective from | Koha item type |
|---|---|---|---|---|---|---|---|---|---|---|---|---|---|---|---|---|---|
| Library of Congress Classification | Arts & Social Sciences | Kisii University Library | Kisii University Library | On Display | 08/30/2024 | 045592 | HQ 57.6 .H37 2000 | 020671 | 08/30/2024 | 1 | 08/30/2024 | Long Loan Book |